|
|
|
|
| LEADER |
00876cam a2200217 7i4500 |
| 001 |
0000026615 |
| 005 |
20110819090000.0 |
| 022 |
0 |
0 |
|a 19850379
|
| 090 |
0 |
0 |
|a M 641.3025
|b MAL
|
| 245 |
0 |
0 |
|a Malaysia food business directory 2011/ 2012.
|
| 260 |
0 |
0 |
|a Shah Alam:
|b Marshall Cavendish,
|c 2011.
|
| 300 |
# |
# |
|a 192 p.
|
| 650 |
0 |
0 |
|a Food --
|x Directories --
|z Malaysia
|
| 650 |
0 |
0 |
|a Beverages --
|x Directories --
|z Malaysia
|
| 651 |
0 |
0 |
|a Malaysia
|
| 999 |
|
|
|a JHR000267H
|b Directories
|c Malaysia
|e MATRADE Southern Regional Office
|
| 999 |
|
|
|a 0000028806
|b Directories
|c Malaysia
|e Business Information Centre
|
| 999 |
|
|
|a PNG000975H
|b Directories
|c Malaysia
|e MATRADE Northern Regional Office
|
| 999 |
|
|
|a SBH000943H
|b Directories
|c Malaysia
|e MATRADE Sabah
|
| 999 |
|
|
|a SRW000370H
|b Directories
|c Malaysia
|e MATRADE Sarawak
|
| 999 |
|
|
|a TRG000252H
|b Directories
|c Malaysia
|e MATRADE Eastern Regional Office
|